LEADER 02671nam a2200397 a 4500 001 000000105680 003 CaOOAMICUS 005 20070614172918.0 008 070614s1981 it fo 001 0 ita d 040 $aPUG$bita$dmv$dPUL$dES 041 1 $aita$alat 100 0 $aAugustinus,$cs., vesc. d'Ippona,$d354-430.$0(OLS)http://pul/name/1290 245 10$aNatura e Grazia /$csant'Agostino. 260 $aRoma :$bCittà Nuova,$c©1981. 300 $a2 v. :$bfotogr. color. ;$c25 cm 490 1 $aNuova biblioteca agostiniana., Opere di sant'Agostino.$aI, Libri: opere polemiche (la crisi pelagiana) ; ;$v17/1-2 500 $aTraduzione italiana con testo latino a fronte 500 $aIndici 500 $aSul front.: testo latino dell'edizione maurina confrontato con il corpus scriptorum ecclesiasticorum latinorum 504 $aBibliografia 505 0 $av. 1.: Il castigo e il perdono dei peccati ed il battesimo dei bambini ; Lo spirito e la lettera ; La natura e la grazia ; La perfezione della giustizia dell'uomo / introduzione generale, introduzioni particolari e note di Agostino Trapè ; traduzioni di Italo Volpi. -- v. 2.: Gli atti di Pelagio ; La grazia di Cristo e il peccato originale ; L'anima e la sua origine / introduzioni e note di Agostino Trapè ; traduzioni di Italo Volpi ; indici di F. Monteverde, I. Volpi ; in appendice frammenti riuniti di opere pelagiane 700 1 $aMonteverde, Franco,$ecoll.$0(OLS)http://pul/name/26611 700 1 $aVolpi, Italo,$etr.$0(OLS)http://pul/name/18699 700 1 $aTrapè, Agostino,$cO.E.S.A.,$d1915-1987,$eed.$0(OLS)http://pul/name/9279 700 0 $aAugustinus,$cs., vesc. d'Ippona,$d354-430.$tGruppi, scelte.$0(OLS)http://pul/nameTitle/496$0(OLS)http://pul/name/1290$0(OLS)http://pul/title/132012 830 0$aNuova biblioteca agostiniana.$pOpere di sant'Agostino.$nI,$pLibri: opere polemiche (la crisi pelagiana) ;$v17/1-2.$0(OLS)http://pul/title/133030 850 $aPUL 852 $aPUL$W1$xSL Cons. Gen., Altre Classi 1$y1$m2000 C 17,1$j118444$qStampati$B118347$CPULBib$Z2$F118347 $H49469 $82 852 $aPUL$W1$xSL Cons. Gen., Altre Classi 1$y1$m2000 C 17,2$j118445$qStampati$B118348$CPULBib$Z2$F118348 $H56599 $82 900 $aAgostino,$cs., vesc. d'Ippona,$d354-430$91290 900 $aAgostino, Aurelio,$cs., vesc. d'Ippona$d354-430$91290 900 $aAgostino,$cs., vesc. d'Ippona,$d354-430$91290 900 $aAgostino, Aurelio,$cs., vesc. d'Ippona$d354-430$91290 941 1 $a8 996 $6245$aNatura e Grazia$9(OLS)http://pul/title/9109 996 $6260$aRoma :$bCittà Nuova$9(OLS)http://pul/publisher/47927 LEADER 01243nam a2200277 a 4500 001 000000158526 003 CaOOAMICUS 005 20170202114458.0 008 170202s1950 po m 001 u por r 032 $aLibriCat 040 $aPUL$bita 100 1 $aKorinek, Alois,$csac.$0(OLS)http://pul/name/101252 245 12$aA ideia de Deus na filosofia de Nicolau Berdiaeff /$cpelo P. Luis Korinek. 260 $aBracarae :$b[s.n.],$c1950. 300 $aIII; 43 p. ;$c25 cm. 502 $aEstratto da tesi -- Pontificia Universitas Gregoriana. Facultas philosophica. 1950. 504 $aBibliografia in nota. 600 14$aBerdiaev, Nikolai Aleksandrovi?,$d1874-1948.$0(OLS)http://pul/subject/19699 710 2 $aPontificia Università Gregoriana.$bFacoltà di filosofia.$kTesi.$0(OLS)http://pul/name/82053 850 $aPUL 852 $aPUL$W1$xDP1 Tesi Pon. Univ. Gregoriana$y40$mTH PUG 619$j181837$qTesi$B185006$CPULBib$Z2$F185006 $H15097 $82 941 1 $a16 960 $aBerdyaev, Nicolai,? $d1874-1948? $919699 996 $6245$aA ideia de Deus na filosofia de Nicolau Berdiaeff$9(OLS)http://pul/title/198149 996 $6260$aBracarae :$b[s.n.]$9(OLS)http://pul/publisher/86010